000 00575nam a2200193 i 4500
001 000032504
003 DO-SdBNP
005 20230512130846.0
007 ta
008 110718s2007 dr 000 0 spa d
040 _aDO-SdBNP
_bspa
_cBNPHU
_erda
049 _aBNPD
082 4 _222
111 2 _aEncuentro Internacional de Representantes de Ron Brugal
_n1: 22-24 de febrero
_cPuerto Plata, República Dominicana
_d2007
_958443
245 1 0 _aBrugal 1888
264 _aSanto Domingo :
_bBrugal & Co. C.por A.,
_c2007.
300 _a34 p. :
_bil. ;
_c28 cm.
942 _2ddc
_cLF2
999 _c31995
_d31995